Catálogo
 En Linea

Obra crítica / (Registro nro. 13692)

Detalles MARC
000 -CABECERA
campo de control de longitud fija 01346nam a2200265 a 4500
001 - NÚMERO DE CONTROL
campo de control 000014090
005 - FECHA Y HORA DE LA ÚLTIMA TRANSACCIÓN
campo de control 20250307073709.0
008 - DATOS DE LONGITUD FIJA--INFORMACIÓN GENERAL
campo de control de longitud fija 091204s1960 mx r 001 0 spa d
040 ## - FUENTE DE LA CATALOGACIÓN
Centro catalogador/agencia de origen DO-SdBNP
Lengua de catalogación spa
Centro/agencia transcriptor BNPHU
082 ## - NÚMERO DE LA CLASIFICACIÓN DECIMAL DEWEY
Número de clasificación xxxx
Número de documento/Ítem H519c
100 1# - ENTRADA PRINCIPAL--NOMBRE DE PERSONA
Nombre de persona Henríquez Ureña, Pedro,
Fechas asociadas al nombre 1884-1946
9 (RLIN) 1718
245 10 - MENCIÓN DE TÍTULO
Título Obra crítica /
Mención de responsabilidad, etc. Pedro Henríquez Ureña ; prólogo Jorge Luis Borges ; edición, bibliografía e índice onomástico Emma Susana Speratti Piñero.
260 ## - PUBLICACIÓN, DISTRIBUCIÓN, ETC.
Lugar de publicación, distribución, etc. México :
Nombre del editor, distribuidor, etc. Fondo de Cultura Económica,
Fecha de publicación, distribución, etc. 1960.
300 ## - DESCRIPCIÓN FÍSICA
Extensión xiii, 844 p. ;
Dimensiones 22 cm.
490 1# - MENCIÓN DE SERIE
Mención de serie Literatura moderna, pesamiento y acción
500 ## - NOTA GENERAL
Nota general Incluye índice onomástico
500 ## - NOTA GENERAL
Nota general Proyectada por Pedro Henríquez Ureña y publicada en memoria suya
500 ## - NOTA GENERAL
Nota general Incluye referencias bibliográficas y notas al pie de las páginas
504 ## - NOTA DE BIBLIOGRAFÍA, ETC.
Nota de bibliografía, etc. Incluye bibliografía : p. 754-795
505 2# - NOTA DE CONTENIDO CON FORMATO
Nota de contenido con formato Ensayos críticos -- Horas de estudio -- En la orilla -- Mi España -- Seis ensayos en busca de nuestra expresión -- La cultura y las letras coloniales en Santo Domingo -- Plenitud de España -- Antología de Artículos y conferencias .
590 ## - NOTA LOCAL (RLIN)
Nota local Inventariado, 2019/BT
700 1# - PUNTO DE ACCESO ADICIONAL--NOMBRE DE PERSONA
Nombre de persona Borges, Jorge Luis,
Fechas asociadas al nombre 1899-1986
Término indicativo de función/relación pról.
9 (RLIN) 4173
700 1# - PUNTO DE ACCESO ADICIONAL--NOMBRE DE PERSONA
Nombre de persona Speratti Piñero, Emma Susana,
Término indicativo de función/relación ed.
9 (RLIN) 31895
830 #0 - PUNTO DE ACCESO ADICIONAL DE SERIE-TÍTULO UNIFORME
Título uniforme Literatura moderna, pesamiento y acción
9 (RLIN) 31896
Existencias
Estado de retiro Estado de pérdida Restricciones de uso No para préstamo Código de colección Localización permanente Ubicación/localización actual Ubicación en estantería Fecha de adquisición Número de inventario Total de préstamos Signatura topográfica completa Código de barras Fecha visto por última vez Número de copia Precio válido a partir de Tipo de ítem Koha Nota pública
        Monografías: Libros y Folletos General General Depósito 01.08.2011 LF1   xxxx H519c 14090-30 25.06.2020 e. 3 25.06.2020 Préstamo en sala  
        Monografías: Libros y Folletos General General Depósito 28.08.2018 LF1   xxxx H519c 14090-40 25.06.2020   25.06.2020 Préstamo en sala  
      Excluido de préstamo Monografías: Libros y Folletos Patrimonio Dominicano Patrimonio Dominicano Depósito 04.12.2009 LF1   xxxx H519c 14090-10 25.06.2020   25.06.2020 No se presta Perteneció a la biblioteca personal de Monica Gamundi.
      Excluido de préstamo Monografías: Libros y Folletos Patrimonio Dominicano Patrimonio Dominicano Depósito 01.03.2010 LF1   xxxx H519c 14090-20 25.06.2020 e. 2 25.06.2020 No se presta Perteneció a biblioteca personal de Carlos Larrabazal Blanco.

Con tecnología Koha